| 000 | 00560nam a2200193 i 4500 | ||
|---|---|---|---|
| 001 | 101213 | ||
| 003 | ES-MaACL | ||
| 005 | 20250930063107.0 | ||
| 007 | t| | ||
| 008 | 051014s1923 gw ||||1| ger d | ||
| 100 | 1 |
_aMayer, August Liebmann, _d1885-1944 _979345 |
|
| 245 | 1 | 0 |
_aFrancisco de Goya / _cvon August L. Mayer. |
| 260 |
_aMünchen : _bF. Bruckmann, _c1923. |
||
| 300 |
_aXI, 273 p., 261 lám. ; _c26 cm. |
||
| 600 | 1 | 4 |
_aGoya, Francisco de, _d1746-1828 _9240353 |
| 852 |
_aES-MaACL _jC-2115 |
||
| 942 | _2udc | ||
| 999 |
_c101213 _d101213 |
||